MARC details
| 000 -LEADER |
| campo de control de longitud fija |
01640nmc a2200553 a 4500 |
| 003 - IDENTIFICADOR DE NÚMERO DE CONTROL |
| campo de control |
AR-BaBNM |
| 005 - FECHA Y HORA DE LA ÚLTIMA TRANSACCIÓN |
| campo de control |
20251128204518.0 |
| 008 - DATOS DE LONGITUD FIJA--INFORMACIÓN GENERAL |
| campo de control de longitud fija |
235019s1991 ||||||||||||||000 | spa|| |
| 020 ## - NÚMERO INTERNACIONAL ESTÁNDAR DEL LIBRO |
| Número Internacional Estándar del Libro |
84-206-9610-2 |
| 040 ## - FUENTE DE CATALOGACIÓN |
| Centro/agencia transcriptor |
AR-BaBNM |
| 245 10 - MENCIÓN DEL TÍTULO |
| Título |
El hombre medieval |
| 250 ## - MENCION DE EDICION |
| Mención de edición |
1ª ed. |
| 260 ## - PUBLICACIÓN, DISTRIBUCIÓN, ETC. |
| Lugar de publicación, distribución, etc. |
Madrid |
| Nombre del editor, distribuidor, etc. |
Alianza Editorial |
| Fecha de publicación, distribución, etc. |
1991 |
| 300 0# - DESCRIPCIÓN FÍSICA |
| Extensión |
388 p. |
| Otros detalles físicos |
il. |
| 490 #0 - MENCIÓN DE SERIE |
| Mención de serie |
El hombre europeo |
| 504 ## - NOTA DE BIBLIOGRAFÍA, ETC. |
| Nota de bibliografía, etc. Nota |
Bibliografía al final de cada capítulo |
| 505 ## - NOTA DE CONTENIDO CON FORMATO |
| Título |
El hombre medieval |
| Mención de responsabilidad |
Le Goff, Jacques |
| 505 ## - NOTA DE CONTENIDO CON FORMATO |
| Título |
Los monjes |
| Mención de responsabilidad |
Miccoli, Giovanni |
| 505 ## - NOTA DE CONTENIDO CON FORMATO |
| Título |
El guerrero y el caballero |
| Mención de responsabilidad |
Cardini, Franco |
| 505 ## - NOTA DE CONTENIDO CON FORMATO |
| Título |
El campesino y el trabajo del campo |
| Mención de responsabilidad |
Cherubini, Giovanni |
| 505 ## - NOTA DE CONTENIDO CON FORMATO |
| Título |
El ciudadano y la vida en la ciudad |
| Mención de responsabilidad |
Rossiaud, Jacques |
| 505 ## - NOTA DE CONTENIDO CON FORMATO |
| Título |
El intelectual |
| Mención de responsabilidad |
Fumagalli Beonio Brocchieri, Mariateresa |
| 505 ## - NOTA DE CONTENIDO CON FORMATO |
| Título |
El artista |
| Mención de responsabilidad |
Castelnuovo, Enrico |
| 505 ## - NOTA DE CONTENIDO CON FORMATO |
| Título |
El mercader |
| Mención de responsabilidad |
Gurevic, Aron J. |
| 505 ## - NOTA DE CONTENIDO CON FORMATO |
| Título |
La mujer y la familia |
| Mención de responsabilidad |
Klapisch-Zuber, Christiane |
| 505 ## - NOTA DE CONTENIDO CON FORMATO |
| Título |
El santo |
| Mención de responsabilidad |
Vauchez, André |
| 505 ## - NOTA DE CONTENIDO CON FORMATO |
| Título |
El marginado |
| Mención de responsabilidad |
Geremek, Bronislaw |
| 650 #4 - PUNTO DE ACCESO ADICIONAL DE MATERIA--TÉRMINO DE MATERIA |
| Término de materia o nombre geográfico como elemento de entrada |
HISTORIA |
| 650 #4 - PUNTO DE ACCESO ADICIONAL DE MATERIA--TÉRMINO DE MATERIA |
| Término de materia o nombre geográfico como elemento de entrada |
COSTUMBRES |
| 650 #4 - PUNTO DE ACCESO ADICIONAL DE MATERIA--TÉRMINO DE MATERIA |
| Término de materia o nombre geográfico como elemento de entrada |
PENSAMIENTO |
| 650 #4 - PUNTO DE ACCESO ADICIONAL DE MATERIA--TÉRMINO DE MATERIA |
| Término de materia o nombre geográfico como elemento de entrada |
ESTILOS DE VIDA |
| 650 #4 - PUNTO DE ACCESO ADICIONAL DE MATERIA--TÉRMINO DE MATERIA |
| Término de materia o nombre geográfico como elemento de entrada |
VIDA COTIDIANA |
| 650 #4 - PUNTO DE ACCESO ADICIONAL DE MATERIA--TÉRMINO DE MATERIA |
| Término de materia o nombre geográfico como elemento de entrada |
HISTORIA MEDIEVAL |
| 650 #4 - PUNTO DE ACCESO ADICIONAL DE MATERIA--TÉRMINO DE MATERIA |
| Término de materia o nombre geográfico como elemento de entrada |
EDAD MEDIA |
| 650 #4 - PUNTO DE ACCESO ADICIONAL DE MATERIA--TÉRMINO DE MATERIA |
| Término de materia o nombre geográfico como elemento de entrada |
HOMBRE |
| 650 #4 - PUNTO DE ACCESO ADICIONAL DE MATERIA--TÉRMINO DE MATERIA |
| Término de materia o nombre geográfico como elemento de entrada |
SANTOS |
| 650 #4 - PUNTO DE ACCESO ADICIONAL DE MATERIA--TÉRMINO DE MATERIA |
| Término de materia o nombre geográfico como elemento de entrada |
INTELECTUALES |
| 650 #4 - PUNTO DE ACCESO ADICIONAL DE MATERIA--TÉRMINO DE MATERIA |
| Término de materia o nombre geográfico como elemento de entrada |
ARTISTAS |
| 650 #4 - PUNTO DE ACCESO ADICIONAL DE MATERIA--TÉRMINO DE MATERIA |
| Término de materia o nombre geográfico como elemento de entrada |
MONJES |
| 650 #4 - PUNTO DE ACCESO ADICIONAL DE MATERIA--TÉRMINO DE MATERIA |
| Término de materia o nombre geográfico como elemento de entrada |
TRABAJADORES AGRICOLAS |
| 650 #4 - PUNTO DE ACCESO ADICIONAL DE MATERIA--TÉRMINO DE MATERIA |
| Término de materia o nombre geográfico como elemento de entrada |
MUJERES |
| 650 #4 - PUNTO DE ACCESO ADICIONAL DE MATERIA--TÉRMINO DE MATERIA |
| Término de materia o nombre geográfico como elemento de entrada |
FAMILIA |
| 650 #4 - PUNTO DE ACCESO ADICIONAL DE MATERIA--TÉRMINO DE MATERIA |
| Término de materia o nombre geográfico como elemento de entrada |
CAMPO |
| 650 #4 - PUNTO DE ACCESO ADICIONAL DE MATERIA--TÉRMINO DE MATERIA |
| Término de materia o nombre geográfico como elemento de entrada |
CIUDADES |
| 700 1# - ENTRADA AGREGADA--NOMBRE PERSONAL |
| Nombre de persona |
Cardini, Franco |
| 700 ## - ENTRADA AGREGADA--NOMBRE PERSONAL |
| Nombre de persona |
Le Goff, Jacques |
| Término indicativo de función/relación |
editor |
| 942 ## - ELEMENTOS DE ENTRADA SECUNDARIOS (KOHA) |
| Tipo de ítem Koha |
Libros |
| 998 ## - INFORMACIÓN DE CONTROL LOCAL (RLIN) |
| Iniciales del catalogador, CIN (RLIN) |
Marce |